| 000 | 00567nam a2200181 i 4500 | ||
|---|---|---|---|
| 001 | 44236 | ||
| 003 | ES-MaACL | ||
| 005 | 20230906161001.0 | ||
| 007 | t| | ||
| 008 | 030320s1972 sp ||||1| spa d | ||
| 245 | 0 | 0 |
_aCiencia y concepto de raza _b: (genética y conducta) / _cMargaret Mead ... [et al.] ; [traducido por Pastora Rodríguez]. |
| 250 | _a1ª ed. | ||
| 260 |
_aBarcelona : _b[Fontanella], _c1972. |
||
| 300 |
_a193 p. ; _c23 cm. |
||
| 700 | 1 |
_aMead, Margaret. _979621 |
|
| 700 | 1 |
_aRodríguez, Pastora. _998290 |
|
| 852 |
_aES-MaACL _jC-47231 _bR.83341 |
||
| 999 |
_c44236 _d44236 |
||